Hiirijahti 2 - satunnaisia pinkkejä valtioita - Statistics

Yleistilastot
  • Tätä visaa on pelattu 1 614 kertaa
  • Keskiarvotulos 6 / 10
Vastaukset kartalla
Vastauksille on annettu kartalla punavihreä väri sen mukaan, kuinka moni on saanut sen oikein.
 
Vastaustilastot
valtio % Oikein
Norja
98%
Puola
98%
Venäjä
98%
Espanja
97%
Ruotsi
97%
Turkki
97%
Ukraina
97%
Brasilia
96%
Iran
96%
Ranska
96%
Yhdysvallat
96%
Egypti
95%
Saudi-Arabia
94%
Australia
93%
Kanada
93%
Kiina
93%
Italia
92%
Saksa
92%
Suomi
92%
Tanska
92%
Serbia
91%
Yhdistynyt kuningaskunta
91%
Kolumbia
89%
Argentiina
88%
Uzbekistan
88%
Chile
87%
Kazakstan
87%
Marokko
87%
Pakistan
87%
Indonesia
86%
Venezuela
86%
Etelä-Afrikka
85%
Intia
85%
Tšekki
85%
Bulgaria
84%
Oman
84%
Sudan
84%
Valko-Venäjä
84%
Algeria
83%
Meksiko
83%
Peru
83%
Thaimaa
82%
Kreikka
81%
Paraguay
81%
Itävalta
80%
Kroatia
80%
Bolivia
79%
Kongon demokraattinen tasavalta
79%
Romania
79%
Libya
78%
Japani
77%
Somalia
77%
Turkmenistan
77%
Irak
76%
Liettua
76%
Myanmar
76%
Unkari
76%
Madagaskar
75%
Syyria
75%
Etelä-Sudan
74%
Mongolia
74%
Nigeria
74%
Zimbabwe
74%
Niger
73%
Vietnam
73%
Angola
72%
Guatemala
72%
Slovakia
72%
Afganistan
71%
Etelä-Korea
71%
Mali
71%
Mauritania
71%
Viro
71%
Mosambik
70%
Portugali
70%
Alankomaat
69%
Jemen
69%
Latvia
68%
Namibia
68%
Slovenia
68%
Etiopia
67%
Kenia
67%
Kongon tasavalta
67%
Kuuba
67%
Papua-Uusi-Guinea
67%
Keski-Afrikan tasavalta
66%
Laos
66%
Pohjois-Makedonia
66%
Tšad
66%
Costa Rica
65%
Honduras
65%
Panama
65%
Sambia
65%
Tansania
65%
Azerbaidžan
63%
Filippiinit
63%
Nicaragua
63%
Ecuador
62%
Islanti
62%
Nepal
62%
Bahama
61%
Bosnia ja Hertsegovina
61%
Botswana
61%
Kamerun
61%
Kirgisia
61%
Mikronesia
61%
Tadžikistan
61%
Ghana
60%
Irlanti
60%
Senegal
60%
Pohjois-Korea
59%
Sveitsi
59%
Bangladesh
58%
Guyana
58%
Moldova
58%
Tunisia
58%
Benin
57%
Guinea
57%
Togo
57%
Burkina Faso
56%
Malesia
53%
Sierra Leone
53%
Suriname
53%
Norsunluurannikko
51%
Belgia
50%
Jordania
50%
Kiribati
50%
Eritrea
49%
Eswatini
49%
Kambodža
49%
Malawi
48%
Montenegro
48%
Georgia
47%
Sri Lanka
45%
Tuvalu
45%
Gabon
44%
Uganda
44%
Yhdistyneet arabiemiraatit
43%
Albania
42%
Uruguay
42%
Päiväntasaajan Guinea
39%
Salomoninsaaret
39%
Uusi-Seelanti
39%
Bhutan
38%
Fidži
38%
São Tomé ja Príncipe
38%
Guinea-Bissau
37%
Liberia
37%
Malediivit
37%
Dominikaaninen tasavalta
36%
Marshallinsaaret
35%
Haiti
34%
Kap Verde
34%
Kosovo
33%
Seychellit
33%
Belize
31%
Vanuatu
30%
Ruanda
28%
Armenia
27%
Komorit
27%
Palau
27%
Samoa
27%
Lesotho
26%
Taiwan
26%
Djibouti
24%
El Salvador
23%
Mauritius
22%
Burundi
20%
Israel
20%
Nauru
19%
Tonga
18%
Libanon
14%
Jamaika
13%
Kypros
13%
Qatar
5%
Ehtoja vastaavia visoja ei löytynyt
Tulosjakauma
Jokaisen tuloksen saaneiden osuus
Persentiili vastausten määrän mukaan
Tuloshistoriasi
Et ole pelannut tätä visaa